LEADER 01361nam a2200289 a 4500 001 000000123585 003 CaOOAMICUS 005 20101028120503.0 008 101028t2010 it m 000 u ita r 020 $a978-88-465-0712-9 040 $aPUL$bita 100 1 $aKorzeniowski, Ireneusz,$d1964-$0(OLS)http://pul/name/26695 245 13$aIl Logos-Verbum mentis in s. Tommaso d'Aquino e in Bernard Lonergan /$cIreneusz Wojociech Korzeniowski. 260 $aRoma :$bLateran University Press,$c©2010. 300 $a538 p. ;$c22 cm 490 1 $aSaggi per il nostro tempo ;$v21 504 $aBibliografia: p. 459-533. 600 14$aLonergan, Bernard Joseph Francis,$cS.I.,$d1904-1984.$0(OLS)http://pul/subject/20971 600 04$aThomas Aquinas,$cs.,$dc. 1225-1274$xFilosofia.$0(OLS)http://pul/subject/1465 830 0$aSaggi per il nostro tempo ;$v21.$0(OLS)http://pul/title/105422 850 $aPUL 852 $aPUL$W1$xSL Religione 2$y84$mTheol F5 21$j142260$qStampati Altre Collocazioni$B141235$CPULBib$Z2$F141235 $H115131 $82 941 1 $a10 996 $6020$a978-88-465-0712-9$9(OLS)http://pul/number/145766 996 $6245$aIl Logos-Verbum mentis in s. Tommaso d'Aquino e in Bernard Lonergan$9(OLS)http://pul/title/155751 996 $6260$aRoma :$bLateran University Press$9(OLS)http://pul/publisher/74370 LEADER 01180nam a2200313 a 4500 001 000000136459 003 CaOOAMICUS 005 20131128103307.0 008 131128s1993 it u000 u ita r 020 $a88-459-1024-5 040 $aPUL$bita 041 1 $aita$ager$hger 100 1 $aHölderlin, Friedrich,$d1770-1843.$0(OLS)http://pul/name/38801 245 13$aLe liriche /$cFriedrich Hölderlin ; a cura di Enzo Mandruzzato. 260 $aMilano :$bAdelphi,$c1993. 300 $a982 p. ;$c20 cm 490 1 $aAdelphi ;$v56 546 $aTesto tedesco a fronte. 700 1 $aMandruzzato, Enzo,$d1934-$0(OLS)http://pul/name/721 700 1 $aColli, Giorgio,$d1917-1979.$0(OLS)http://pul/name/9006 830 4$aGli Adelphi ;$v56.$0(OLS)http://pul/title/101049 850 $aPUL 852 $aPUL$W1$xDP1 Fondo E. Rossi$y115$m2 D 38$j157187$qFondi$B156652$CPULBib$Z2$F156652 $82 941 1 $a1 961 $aSul dorso collocazione ms. di E. Rossi: IV 43 1 996 $6020$a88-459-1024-5$9(OLS)http://pul/number/154024 996 $6245$aLe liriche$9(OLS)http://pul/title/111843 996 $6260$aMilano :$bAdelphi$9(OLS)http://pul/publisher/51018